NCAA Division I Basketball Teams By State - Statistics

General Stats
  • This quiz has been taken 6,323 times
    2,379 since last reset
  • The average score is 246 of 365
Answer Stats
Answer % Correct
Alabama
95%
Arizona
92%
Arizona State
91%
Arkansas
91%
Illinois
90%
California
89%
Montana
89%
Nebraska
89%
Alabama State
88%
Arkansas State
88%
Hawaii
88%
Indiana
88%
Iowa
88%
Kansas
88%
Montana State
88%
Auburn
87%
Colorado
87%
Colorado State
87%
Delaware
87%
Florida
87%
Idaho
87%
Iowa State
87%
Kansas State
87%
Nevada
87%
Boston University
86%
Georgia
86%
Maine
86%
New Mexico
86%
New Mexico State
86%
Penn
86%
Rhode Island
86%
South Carolina
86%
South Dakota State
86%
UConn
86%
USC
86%
Boise State
85%
Idaho State
85%
Kentucky
85%
Louisiana
85%
LSU
85%
Michigan
85%
Michigan State
85%
Minnesota
85%
Missouri
85%
New Hampshire
85%
North Carolina
85%
North Dakota
85%
North Dakota State
85%
Ohio
85%
Oklahoma
85%
Oregon
85%
South Dakota
85%
Tennessee
85%
UNLV
85%
Delaware State
84%
Florida State
84%
Indiana State
84%
Maryland
84%
Miami (FL)
84%
Miami (OH)
84%
Mississippi State
84%
Ohio State
84%
Oklahoma State
84%
Ole Miss
84%
Oregon State
84%
Southern
84%
Texas
84%
UCLA
84%
Utah
84%
Utah State
84%
Washington
84%
Wyoming
84%
Georgia Tech
83%
Illinois State
83%
Penn State
83%
UC San Diego
83%
Vermont
83%
Virginia
83%
Washington State
83%
West Virginia
83%
Georgia State
82%
Missouri State
82%
UMass
82%
Wisconsin
82%
Air Force
81%
Alabama A&M
81%
Boston College
81%
Harvard
81%
Louisville
81%
NC State
81%
Northwestern
81%
San Diego
81%
San Diego State
81%
Virginia Tech
81%
BYU
80%
Purdue
80%
Sam Houston
80%
Yale
80%
Houston
79%
Jacksonville
79%
Rutgers
79%
UCF
79%
Brown
78%
Clemson
78%
Duke
78%
Eastern Michigan
78%
Navy
78%
Omaha
78%
Texas A&M
78%
Texas Tech
78%
Tulsa
78%
Army
77%
Dartmouth
77%
Georgetown
77%
NIU
77%
Pittsburgh
77%
Portland
77%
Providence
77%
South Carolina State
77%
Stanford
77%
Creighton
76%
Denver
76%
Grand Canyon
76%
UAB
76%
USF
76%
Western Michigan
76%
WKU
76%
Akron
75%
Florida Atlantic
75%
Little Rock
75%
Northern Arizona
75%
Seattle
75%
South Alabama
75%
Tennessee State
75%
Texas State
75%
Vanderbilt
75%
Central Michigan
74%
Cincinnati
74%
Detroit Mercy
74%
Gonzaga
74%
LMU
74%
Memphis
74%
San Francisco
74%
Tulane
74%
UNI
74%
Buffalo
73%
Loyola Chicago
73%
Loyola (MD)
73%
Notre Dame
73%
Princeton
73%
Southern Illinois
73%
Syracuse
73%
UTEP
73%
UTSA
73%
FIU
72%
Georgia Southern
72%
Jacksonville State
72%
Marshall
72%
San Jose State
72%
Wichita State
72%
Baylor
71%
Columbia
71%
Eastern Illinois
71%
Fresno State
71%
Green Bay
71%
Portland State
71%
Saint Louis
71%
TCU
71%
Troy
71%
EKU
70%
George Washington
70%
Milwaukee
70%
Toledo
70%
UC Irvine
70%
Wake Forest
70%
Cornell
69%
LA Tech
69%
Southern Miss
69%
Western Illinois
69%
Ball State
68%
Bowling Green
68%
Charleston
68%
Coastal Carolina
68%
ECU
68%
Marquette
68%
North Texas
68%
Saint Mary's
68%
SMU
68%
St. John's
68%
Temple
68%
UC Santa Barbara
68%
Albany
67%
Chicago State
67%
Drake
67%
Florida A&M
67%
Jackson State
67%
Kansas City
67%
Kent State
67%
Tennessee Tech
67%
North Alabama
66%
UAPB
66%
UC Davis
66%
ULM
66%
American
65%
Charlotte
65%
Cleveland State
65%
Howard
65%
James Madison
65%
Middle Tennessee
65%
Northern Kentucky
65%
Oakland
65%
Xavier
65%
Central Arkansas
64%
FGCU
64%
Kennesaw State
64%
Northern Colorado
64%
Rice
64%
Sacramento State
64%
Villanova
64%
Appalachian State
63%
Cal Poly
63%
Eastern Washington
63%
New Orleans
63%
VCU
63%
Butler
62%
Cal State Fullerton
62%
George Mason
62%
LIU
62%
North Florida
62%
UMBC
62%
Chattanooga
61%
Dayton
61%
DePaul
61%
NJIT
61%
Richmond
61%
St. Thomas
61%
Utah Valley
61%
Central Connecticut
60%
Liberty
60%
Long Beach State
60%
Oral Roberts
60%
Pepperdine
60%
Seton Hall
60%
UC Riverside
60%
UNCW
60%
Utah Tech
60%
Youngstown State
60%
Austin Peay
59%
Bakersfield
59%
Grambling
59%
SUU
59%
Lafayette
58%
Saint Peter's
58%
Santa Clara
58%
UNC Asheville
58%
UNCG
58%
Lehigh
57%
Northeastern
57%
Southern Indiana
57%
UMass Lowell
57%
Old Dominion
56%
Pacific
56%
Saint Joseph's
56%
SEMO
56%
Texas Southern
56%
Western Carolina
56%
Abilene Christian
55%
Alcorn State
55%
Bradley
55%
Evansville
55%
IU Indianapolis
55%
Murray State
55%
Texas A&M-Corpus Christi
55%
UIC
55%
Bryant
54%
Colgate
54%
Manhattan
54%
Mississippi Valley State
54%
Purdue Fort Wayne
54%
Samford
54%
VMI
54%
William & Mary
54%
Belmont
53%
CSUN
53%
Elon
53%
Stetson
53%
Binghamton
52%
California Baptist
52%
Drexel
52%
Duquesne
52%
High Point
52%
Mercer
52%
Norfolk State
52%
North Carolina A&T
52%
Saint Francis
52%
The Citadel
52%
Weber State
52%
Wofford
52%
Bethune-Cookman
51%
Charleston Southern
51%
Davidson
51%
East Texas A&M
51%
Fordham
51%
Furman
51%
Holy Cross
51%
McNeese
51%
Valparaiso
51%
Bucknell
50%
Iona
50%
Northwestern State
50%
SIUE
50%
St. Bonaventure
50%
USC Upstate
50%
Morehead State
49%
UT Martin
49%
ETSU
48%
Houston Christian
48%
Robert Morris
48%
Stony Brook
48%
Towson
48%
UT Arlington
48%
Wright State
48%
Bellarmine
47%
Fairfield
47%
Fairleigh Dickinson
47%
Monmouth
47%
Niagara
47%
Quinnipiac
47%
Siena
47%
UTRGV
47%
Marist
46%
Mount St. Mary's
46%
Rider
46%
West Georgia
46%
Hampton
45%
Hofstra
45%
Lamar
45%
La Salle
45%
Nicholls
45%
Prairie View A&M
45%
Queens
45%
Sacred Heart
45%
Southeastern Louisiana
45%
UIW
45%
Canisius
44%
Lipscomb
44%
Winthrop
44%
Campbell
43%
Longwood
43%
Merrimack
43%
North Carolina Central
43%
SFA
43%
Tarleton
43%
Lindenwood
42%
Morgan State
42%
Presbyterian
42%
Radford
42%
UMES
42%
Gardner-Webb
41%
Stonehill
40%
Wagner
40%
Coppin State
39%
Mercyhurst
35%
New Haven
34%
Le Moyne
29%
No matching quizzes found
Score Distribution
Percent of People with Each Score
Percentile by Number Answered
Your Score History
You have not taken this quiz since the last reset